000
00322nam a2200121Ia 4500
008
220216s9999 xx 000 0 und d
245
0
_a
Effect of some adulterants on the metrolac DRC of field latex
260
_b
Planters Bulletin
_c
1974
300
_a
21-29
650
_a
Adulterants
650
_a
Dry rubber
942
_c
JS
999
_c
58139
_d
58139